00321nam a2200109Ia 4500008004100000020001800041040002900059050002400088100002600112245003700138260003600175221216s9999||||xx |||||||||||||| ||und|| a9788131709269 cChuka University Library aHG 4011 b.G58 2006 aGitman, Lawrence J.,  0aPrinciples of management finance aDorling KindersleybDelhic2006